[Event "400 Stay Safe Play From Home series"]
[Site "Emanuel Lasker Arena"]
[Date "2020.08.21"]
[Round "1"]
[White "Mepe_Nika"]
[Black "GIULIO19031975"]
[Result "1-0"]
[WhiteElo "2314"]
[BlackElo "1802"]
[Annotator "NA RC"]
[PlyCount "97"]
[EventDate "2020.08.21"]
[EventType "swiss (blitz)"]

1. a3 {[%emt 0:00:00]} d5 {[%emt 0:00:01]} 2. d4 {[%emt 0:00:01]} Nf6 {[%emt 0:00:01]} 3. Nf3 {[%emt 0:00:01]} e6 {[%emt 0:00:00]} 4. c3 {[%emt 0:00:01]} Nbd7 {[%emt 0:00:00]} 5. Bf4 {[%emt 0:00:01]} c5 {[%emt 0:00:01]} 6. e3 {[%emt 0:00:01]} c4 {[%emt 0:00:00]} 7. Nbd2 {[%emt 0:00:02]} h6 {[%emt 0:00:01]} 8. Be2 {[%emt 0:00:01]} g5 {[%emt 0:00:01]} 9. Be5 {[%emt 0:00:01]} Nxe5 {[%emt 0:00:01]} 10. Nxe5 {[%emt 0:00:00]} Bg7 {[%emt 0:00:01]} 11. O-O {[%emt 0:00:00]} O-O {[%emt 0:00:01]} 12. f4 {[%emt 0:00:01]} Nd7 {[%emt 0:00:02]} 13. Qc2 {[%emt 0:00:01]} Nxe5 {[%emt 0:00:01]} 14. fxe5 {[%emt 0:00:01]} Bd7 {[%emt 0:00:01]} 15. e4 {[%emt 0:00:01]} Bc6 {[%emt 0:00:01]} 16. Bf3 {[%emt 0:00:00]} dxe4 {[%emt 0:00:01]} 17. Bxe4 {[%emt 0:00:01]} Bxe4 {[%emt 0:00:01]} 18. Nxe4 {[%emt 0:00:00]} Qd5 {[%emt 0:00:02]} 19. Nf6+ {[%emt 0:00:02]} Bxf6 {[%emt 0:00:01]} 20. Rxf6 {[%emt 0:00:00]} Kg7 {[%emt 0:00:03]} 21. Raf1 {[%emt 0:00:01]} b5 {[%emt 0:00:02]} 22. Qf2 {[%emt 0:00:01]} Qd7 {[%emt 0:00:05]} 23. h4 {[%emt 0:00:01]} a5 {[%emt 0:00:03]} 24. hxg5 {[%emt 0:00:01]} hxg5 {[%emt 0:00:01]} 25. Qg3 {[%emt 0:00:01]} Rg8 {[%emt 0:00:03]} 26. Qxg5+ {[%emt 0:00:04]} Kf8 {[%emt 0:00:01]} 27. Qh5 {[%emt 0:00:01]} Rg7 {[%emt 0:00:03]} 28. Qh8+ {[%emt 0:00:01]} Rg8 {[%emt 0:00:01]} 29. Qh6+ {[%emt 0:00:01]} Rg7 {[%emt 0:00:01]} 30. Rxf7+ {[%emt 0:00:01]} Qxf7 {[%emt 0:00:01]} 31. Rxf7+ {[%emt 0:00:00]} Kxf7 {[%emt 0:00:01]} 32. Qf6+ {[%emt 0:00:01]} Kg8 {[%emt 0:00:01]} 33. Qxe6+ {[%emt 0:00:00]} Kh7 {[%emt 0:00:01]} 34. Qc6 {[%emt 0:00:01]} Rag8 {[%emt 0:00:01]} 35. e6 {[%emt 0:00:01]} Rg6 {[%emt 0:00:01]} 36. Qe4 {[%emt 0:00:01]} Kh6 {[%emt 0:00:01]} 37. d5 {[%emt 0:00:01]} Rg4 {[%emt 0:00:01]} 38. Qf3 {[%emt 0:00:04]} R4g5 {[%emt 0:00:02]} 39. d6 {[%emt 0:00:01]} Re5 {[%emt 0:00:01]} 40. Qf6+ {[%emt 0:00:01]} Rg6 {[%emt 0:00:01]} 41. Qxe5 {[%emt 0:00:01]} Rg5 {[%emt 0:00:01]} 42. Qxg5+ {[%emt 0:00:01]} Kxg5 {[%emt 0:00:01]} 43. d7 {[%emt 0:00:00]} Kf5 {[%emt 0:00:00]} 44. d8=Q {[%emt 0:00:00]} Ke4 {[%emt 0:00:00]} 45. Qd4+ {[%emt 0:00:01]} Kf5 {[%emt 0:00:00]} 46. e7 {[%emt 0:00:00]} Kg6 {[%emt 0:00:01]} 47. e8=Q+ {[%emt 0:00:00]} Kh7 {[%emt 0:00:01]} 48. Qf7+ {[%emt 0:00:02]} Kh6 {[%emt 0:00:01]} 49. Qh4# {[%emt 0:00:00] (Lag: Av=0.56s, max=1.0s) (Lag: Av=0.56s, max=1.0s) (Lag: Av=0.56s, max=1.0s)} 1-0

[Event "400 Stay Safe Play From Home series"]
[Site "Emanuel Lasker Arena"]
[Date "2020.08.21"]
[Round "1"]
[White "MihailoVujic"]
[Black "NTBT_DHS"]
[Result "0-1"]
[WhiteElo "2224"]
[BlackElo "2525"]
[Annotator "TA"]
[PlyCount "84"]
[EventDate "2020.08.21"]
[EventType "swiss (blitz)"]

{[%evp 9,84,43,61,48,58,62,58,32,35,7,22,19,70,14,21,21,27,23,20,22,48,14,18,10,11,9,114,118,122,67,132,102,67,89,186,179,302,284,289,309,506,517,514,407,337,231,223,231,322,333,301,263,274,268,243,12,233,-79,195,161,169,107,153,101,105,-29983,-29984,-29984,-29985,-29982,-29983,-29987,-29987,-29988,-29989,-29991,-29992]} 1. e4 g6 2. d4 Bg7 3. Nc3 a6 4. Bg5 h6 5. Be3 b5 {[#]} 6. Qd2 $146 {B06: Modern Defence.} ({Predecessor:} 6. f3 Bb7 7. Nge2 d6 8. Qd2 Nd7 9. h4 b4 10. Na4 a5 11. h5 Bc6 12. b3 Bxa4 13. bxa4 {1-0 (31) Csapo,Z (2290)-Kincs,I (2230) Hungary 1995}) 6... Bb7 7. Bd3 d6 8. f3 {White is slightly better.} Nd7 9. Nce2 c5 {...c4 is the strong threat.} 10. c3 Rc8 (10... e5 $11) 11. d5 ({Better is} 11. a4 $14) 11... Ngf6 12. Nh3 Ne5 13. Nf2 Nxd3+ 14. Nxd3 h5 15. O-O Nd7 16. f4 Nf6 17. Nf2 $1 Ng4 (17... Qd7 $11) 18. Nxg4 $16 hxg4 19. Rad1 (19. f5 $16) 19... Qa5 ({Black should play} 19... f5 $14) 20. a3 Qa4 21. Ng3 Bf6 (21... b4 $16) 22. f5 $18 Be5 (22... b4 {was worth a try.} 23. fxg6 (23. cxb4 cxb4 24. fxg6 fxg6 $16) 23... fxg6) 23. Bf4 {aiming for Bxe5.} Bxf4 24. Qxf4 ({Less strong is} 24. Rxf4 g5 $16) 24... g5 $2 (24... Kd7 25. fxg6 fxg6 26. Qxg4+ Kc7 27. Qxg6 Rcg8) 25. Qxg5 f6 26. Qg6+ Kd7 27. Qxg4 Rcg8 28. Qf4 b4 29. cxb4 cxb4 30. Ne2 bxa3 31. bxa3 Qxa3 {intending ...Qh3.} 32. Nd4 $2 (32. Qf2 $18) 32... a5 $2 (32... Qh3 $1 $11 {and Black is okay.} 33. Qf3 Qh4) 33. Rc1 $2 {[#]} ({White should try} 33. Qf2 $18) 33... Rc8 $2 {[%mdl 8192]} (33... Qh3 $1 $17 {[%csl Gg8][%cal Rh3g2] and life is bright.} 34. Rc2 Rh4) 34. Ne6 Ba6 35. Rfd1 (35. Rfe1 $18) 35... Qb2 36. Rxc8 (36. Rb1 $142 Qe2 37. Re1) 36... Rxc8 $16 37. Rd2 $2 {[%mdl 8192] [#]} (37. Qe3 $16) 37... Rc1+ {Black mates.} 38. Kf2 Rf1+ {[%mdl 64] Skewer} 39. Kg3 Qc3+ 40. Kg4 Rxf4+ 41. Nxf4 Qxd2 42. g3 Be2+ {Accuracy: White = 49%, Black = 46%.} 0-1

[Event "400 Stay Safe Play From Home series"]
[Site "Emanuel Lasker Arena"]
[Date "2020.08.21"]
[Round "1"]
[White "Stefanone"]
[Black "Mischu64"]
[Result "0-1"]
[WhiteElo "1987"]
[BlackElo "1565"]
[Annotator "NA RC"]
[PlyCount "148"]
[EventDate "2020.08.21"]
[EventType "swiss (blitz)"]

1. d4 {[%emt 0:00:01]} d5 {[%emt 0:00:01]} 2. e3 {[%emt 0:00:00]} Nf6 {[%emt 0:00:01]} 3. f4 {[%emt 0:00:01]} Bf5 {[%emt 0:00:00]} 4. Nf3 {[%emt 0:00:00]} e6 {[%emt 0:00:00]} 5. Bd3 {[%emt 0:00:00]} Bxd3 {[%emt 0:00:02]} 6. Qxd3 {[%emt 0:00:00]} Nc6 {[%emt 0:00:01]} 7. Qe2 {[%emt 0:00:00]} Bd6 {[%emt 0:00:01]} 8. Ne5 {[%emt 0:00:01]} h6 {[%emt 0:00:01]} 9. O-O {[%emt 0:00:01]} Qe7 {[%emt 0:00:03]} 10. c4 {[%emt 0:00:01]} Bb4 {[%emt 0:00:02]} 11. Nc3 {[%emt 0:00:02]} O-O {[%emt 0:00:02]} 12. c5 {[%emt 0:00:01]} Nxe5 {[%emt 0:00:02]} 13. fxe5 {[%emt 0:00:01]} Bxc3 {[%emt 0:00:01]} 14. bxc3 {[%emt 0:00:01]} Ne4 {[%emt 0:00:01]} 15. Ba3 {[%emt 0:00:01]} Qg5 {[%emt 0:00:01]} 16. Rf3 {[%emt 0:00:01]} Nxc3 {[%emt 0:00:02]} 17. Qf2 {[%emt 0:00:02]} f5 {[%emt 0:00:02]} 18. exf6 {[%emt 0:00:01]} Rxf6 {[%emt 0:00:01]} 19. Rf1 {[%emt 0:00:01]} Raf8 {[%emt 0:00:02]} 20. h4 {[%emt 0:00:06]} Rxf3 {[%emt 0:00:02]} 21. hxg5 {[%emt 0:00:03]} Rxf2 {[%emt 0:00:02]} 22. Rxf2 {[%emt 0:00:00]} Rxf2 {[%emt 0:00:01]} 23. Kxf2 {[%emt 0:00:00]} hxg5 {[%emt 0:00:01]} 24. Kf3 {[%emt 0:00:01]} c6 {[%emt 0:00:01]} 25. Bb2 {[%emt 0:00:01]} Nb5 {[%emt 0:00:00]} 26. a4 {[%emt 0:00:02]} Nc7 {[%emt 0:00:00]} 27. Kg4 {[%emt 0:00:01]} a6 {[%emt 0:00:00]} 28. Kxg5 {[%emt 0:00:01]} Kf7 {[%emt 0:00:00]} 29. Kf4 {[%emt 0:00:00]} Ne8 {[%emt 0:00:04]} 30. g4 {[%emt 0:00:00]} Nf6 {[%emt 0:00:01]} 31. g5 {[%emt 0:00:01]} Ne4 {[%emt 0:00:00]} 32. Ke5 {[%emt 0:00:01]} g6 {[%emt 0:00:00]} 33. Kf4 {[%emt 0:00:02]} Ke7 {[%emt 0:00:01]} 34. Bc1 {[%emt 0:00:02]} Nf2 {[%emt 0:00:01]} 35. Kf3 {[%emt 0:00:02]} Nd3 {[%emt 0:00:01]} 36. Bd2 {[%emt 0:00:00]} Nb2 {[%emt 0:00:01]} 37. e4 {[%emt 0:00:01]} Nxa4 {[%emt 0:00:01]} 38. exd5 {[%emt 0:00:01]} cxd5 {[%emt 0:00:00]} 39. Kf4 {[%emt 0:00:01]} Nb2 {[%emt 0:00:01]} 40. Ke5 {[%emt 0:00:01]} Nc4+ {[%emt 0:00:00]} 41. Kf4 {[%emt 0:00:03]} Nxd2 {[%emt 0:00:00]} 42. Ke3 {[%emt 0:00:01]} a5 {[%emt 0:00:00]} 43. Kxd2 {[%emt 0:00:00]} a4 {[%emt 0:00:01]} 44. Kc3 {[%emt 0:00:00]} Kd7 {[%emt 0:00:01]} 45. Kb4 {[%emt 0:00:01]} Kc6 {[%emt 0:00:01]} 46. Kxa4 {[%emt 0:00:00]} e5 {[%emt 0:00:00]} 47. dxe5 {[%emt 0:00:01]} Kxc5 {[%emt 0:00:01]} 48. e6 {[%emt 0:00:01]} Kd6 {[%emt 0:00:01]} 49. Kb4 {[%emt 0:00:00]} Kxe6 {[%emt 0:00:01]} 50. Kc3 {[%emt 0:00:00]} Ke5 {[%emt 0:00:00]} 51. Kd3 {[%emt 0:00:01]} b5 {[%emt 0:00:00]} 52. Kc3 {[%emt 0:00:00]} Ke4 {[%emt 0:00:01]} 53. Kd2 {[%emt 0:00:01]} d4 {[%emt 0:00:00]} 54. Kc2 {[%emt 0:00:00]} b4 {[%emt 0:00:01]} 55. Kd2 {[%emt 0:00:00]} d3 {[%emt 0:00:01]} 56. Kd1 {[%emt 0:00:00]} Ke3 {[%emt 0:00:00]} 57. Kc1 {[%emt 0:00:01]} d2+ {[%emt 0:00:00]} 58. Kd1 {[%emt 0:00:01]} Kf4 {[%emt 0:00:00]} 59. Kc2 {[%emt 0:00:00]} Kxg5 {[%emt 0:00:00]} 60. Kxd2 {[%emt 0:00:00]} Kf4 {[%emt 0:00:00]} 61. Kc2 {[%emt 0:00:00]} g5 {[%emt 0:00:00]} 62. Kb3 {[%emt 0:00:00]} g4 {[%emt 0:00:00]} 63. Kxb4 {[%emt 0:00:00]} g3 {[%emt 0:00:00]} 64. Kc5 {[%emt 0:00:00]} g2 {[%emt 0:00:00]} 65. Kd6 {[%emt 0:00:00]} g1=Q {[%emt 0:00:00]} 66. Ke6 {[%emt 0:00:00]} Qg5 {[%emt 0:00:01]} 67. Kf7 {[%emt 0:00:01]} Qf5+ {[%emt 0:00:00]} 68. Ke8 {[%emt 0:00:00]} Ke4 {[%emt 0:00:00]} 69. Kd8 {[%emt 0:00:01]} Qh7 {[%emt 0:00:00]} 70. Kc8 {[%emt 0:00:00]} Kd5 {[%emt 0:00:01]} 71. Kb8 {[%emt 0:00:01]} Kd6 {[%emt 0:00:00]} 72. Ka8 {[%emt 0:00:00]} Qe7 {[%emt 0:00:01]} 73. Kb8 {[%emt 0:00:00]} Kc6 {[%emt 0:00:00]} 74. Ka8 {[%emt 0:00:00]} Qb7# {[%emt 0:00:01] (Lag: Av=0.36s, max=1.4s) (Lag: Av=0.36s, max=1.4s) (Lag: Av=0.36s, max=1.4s)} 0-1

[Event "400 Stay Safe Play From Home series"]
[Site "Emanuel Lasker Arena"]
[Date "2020.08.21"]
[Round "1"]
[White "Lazieri3"]
[Black "Schachwerk_64"]
[Result "0-1"]
[WhiteElo "1949"]
[BlackElo "2006"]
[Annotator "NA RC"]
[PlyCount "70"]
[EventDate "2020.08.21"]
[EventType "swiss (blitz)"]

1. e4 {[%emt 0:00:01]} Nc6 {[%emt 0:00:02]} 2. Nc3 {[%emt 0:00:00]} e5 {[%emt 0:00:01]} 3. Nf3 {[%emt 0:00:00]} Nf6 {[%emt 0:00:00]} 4. d4 {[%emt 0:00:01]} exd4 {[%emt 0:00:01]} 5. Nxd4 {[%emt 0:00:00]} Bb4 {[%emt 0:00:02]} 6. Nxc6 {[%emt 0:00:01]} bxc6 {[%emt 0:00:00]} 7. Bd3 {[%emt 0:00:01]} d5 {[%emt 0:00:00]} 8. exd5 {[%emt 0:00:00]} O-O {[%emt 0:00:00]} 9. O-O {[%emt 0:00:02]} Bg4 {[%emt 0:00:02]} 10. Be2 {[%emt 0:00:02]} Bxe2 {[%emt 0:00:02]} 11. Nxe2 {[%emt 0:00:00]} cxd5 {[%emt 0:00:00]} 12. c3 {[%emt 0:00:01]} Bd6 {[%emt 0:00:02]} 13. Bf4 {[%emt 0:00:01]} c6 {[%emt 0:00:01]} 14. Bxd6 {[%emt 0:00:01]} Qxd6 {[%emt 0:00:00]} 15. Nd4 {[%emt 0:00:00]} Rab8 {[%emt 0:00:00]} 16. b3 {[%emt 0:00:02]} c5 {[%emt 0:00:01]} 17. Nf5 {[%emt 0:00:01]} Qe5 {[%emt 0:00:01]} 18. Qd3 {[%emt 0:00:01]} c4 {[%emt 0:00:03]} 19. Qc2 {[%emt 0:00:03]} Ne4 {[%emt 0:00:03]} 20. Nd4 {[%emt 0:00:01]} f5 {[%emt 0:00:04]} 21. f3 {[%emt 0:00:01]} Nd6 {[%emt 0:00:01]} 22. Rfe1 {[%emt 0:00:01]} Qf6 {[%emt 0:00:01]} 23. Re6 {[%emt 0:00:02]} Qd8 {[%emt 0:00:00]} 24. Rae1 {[%emt 0:00:02]} cxb3 {[%emt 0:00:01]} 25. axb3 {[%emt 0:00:01]} Nb5 {[%emt 0:00:01]} 26. Nxf5 {[%emt 0:00:03]} Nxc3 {[%emt 0:00:02]} 27. Qxc3 {[%emt 0:00:03]} Rxf5 {[%emt 0:00:02]} 28. Re7 {[%emt 0:00:00]} Rg5 {[%emt 0:00:01]} 29. h4 {[%emt 0:00:05]} Rg6 {[%emt 0:00:02]} 30. Qe5 {[%emt 0:00:02]} Qb6+ {[%emt 0:00:02]} 31. Kh1 {[%emt 0:00:04]} h6 {[%emt 0:00:02]} 32. h5 {[%emt 0:00:02]} Rg5 {[%emt 0:00:01]} 33. Re8+ {[%emt 0:00:01]} Rxe8 {[%emt 0:00:01]} 34. Qxe8+ {[%emt 0:00:00]} Kh7 {[%emt 0:00:01]} 35. Qf7 {[%emt 0:00:02]} Qf2 {[%emt 0:00:02] Time Time Time (Lag: Av=0.69s, max=1.4s) (Lag: Av=0.69s, max=1.4s) (Lag: Av=0.69s, max=1.4s)} 0-1

[Event "400 Stay Safe Play From Home series"]
[Site "Emanuel Lasker Arena"]
[Date "2020.08.21"]
[Round "1"]
[White "Buzaglo"]
[Black "Dreamsoldier"]
[Result "0-1"]
[WhiteElo "1874"]
[BlackElo "1213"]
[Annotator "NA RC"]
[PlyCount "48"]
[EventDate "2020.08.21"]
[EventType "swiss (blitz)"]

1. d4 {[%emt 0:00:09]} Nf6 {[%emt 0:00:03]} 2. Nf3 {[%emt 0:00:02]} g6 {[%emt 0:00:00]} 3. g3 {[%emt 0:00:00]} Bg7 {[%emt 0:00:00]} 4. Bg2 {[%emt 0:00:01]} O-O {[%emt 0:00:00]} 5. O-O {[%emt 0:00:00]} d6 {[%emt 0:00:00]} 6. c4 {[%emt 0:00:01]} Nc6 {[%emt 0:00:00]} 7. Nc3 {[%emt 0:00:00]} Bd7 {[%emt 0:00:01]} 8. d5 {[%emt 0:00:00]} Ne5 {[%emt 0:00:01]} 9. Nxe5 {[%emt 0:00:01]} dxe5 {[%emt 0:00:00]} 10. Ne4 {[%emt 0:00:03]} Nxe4 {[%emt 0:00:01]} 11. Bxe4 {[%emt 0:00:00]} f5 {[%emt 0:00:01]} 12. Bc2 {[%emt 0:00:01]} f4 {[%emt 0:00:02]} 13. e3 {[%emt 0:00:05]} Bh3 {[%emt 0:00:01]} 14. Re1 {[%emt 0:00:01]} f3 {[%emt 0:00:03]} 15. Be4 {[%emt 0:00:03]} Bg4 {[%emt 0:00:02]} 16. h3 {[%emt 0:00:02]} Bh5 {[%emt 0:00:04]} 17. g4 {[%emt 0:00:01]} Bxg4 {[%emt 0:00:02]} 18. hxg4 {[%emt 0:00:01]} e6 {[%emt 0:00:00]} 19. Bxf3 {[%emt 0:00:02]} Qh4 {[%emt 0:00:01]} 20. Kg2 {[%emt 0:00:03]} e4 {[%emt 0:00:01]} 21. Bxe4 {[%emt 0:00:05]} Qxf2+ {[%emt 0:00:02]} 22. Kh1 {[%emt 0:00:07]} Be5 {[%emt 0:00:01]} 23. Bg2 {[%emt 0:00:03]} Qh4+ {[%emt 0:00:02]} 24. Kg1 {[%emt 0:00:01]} Qh2# {[%emt 0:00:02] (Lag: Av=0.65s, max=1.1s) (Lag: Av=0.65s, max=1.1s) (Lag: Av=0.65s, max=1.1s)} 0-1

[Event "400 Stay Safe Play From Home series"]
[Site "Emanuel Lasker Arena"]
[Date "2020.08.21"]
[Round "1"]
[White "Padmaesh M K"]
[Black "IceQueen"]
[Result "0-1"]
[WhiteElo "1867"]
[BlackElo "2477"]
[Annotator "TA"]
[PlyCount "44"]
[EventDate "2020.08.21"]
[EventType "swiss (blitz)"]

{[%evp 14,44,70,66,68,21,39,4,18,-1,-3,-24,-42,-48,0,-23,-32,-41,-33,-66,-51,-61,-18,-14,-31,-22,5,-24,-7,-12,0,-836,-792]} 1. Nf3 e6 2. g3 d6 3. Bg2 Nf6 4. O-O Be7 5. c4 O-O 6. Nc3 Nbd7 7. e4 e5 8. d4 a6 {A18: English Opening: Flohr-Mikenas System (1 c4 Nf6 2 Nc3 e6 3 e4).} 9. dxe5 {[#]} dxe5 $146 ({Predecessor:} 9... Nxe5 10. Nxe5 dxe5 11. Qe2 c6 12. h3 Be6 13. Be3 Qc7 14. Na4 c5 15. Nc3 Rad8 {½-½ (35) Freck,K (1835)-Baust,G (1665) Hockenheim 1994}) 10. Bg5 c6 {The position is equal.} 11. Qd3 h6 12. Bxf6 (12. Be3 {is more complex.} Ng4 13. Bc1 Qc7 14. h3 Ngf6 15. Qc2) 12... Bxf6 13. Rad1 Be7 14. a3 Qc7 15. b4 a5 16. c5 axb4 17. axb4 Ra3 18. Ra1 Rxa1 19. Rxa1 Nf6 20. Ra8 Rd8 21. Qc2 Be6 22. Na4 $2 {[%mdl 8192] [#]} (22. Rxd8+ $11 Bxd8 23. Bf1) 22... Rxa8 {Accuracy: White = 62%, Black = 77%.} 0-1

[Event "400 Stay Safe Play From Home series"]
[Site "Emanuel Lasker Arena"]
[Date "2020.08.21"]
[Round "1"]
[White "NIK-MCS1"]
[Black "AChessPlayer"]
[Result "0-1"]
[WhiteElo "1711"]
[BlackElo "2410"]
[Annotator "TA"]
[PlyCount "112"]
[EventDate "2020.08.21"]
[EventType "swiss (blitz)"]

{[%evp 14,112,15,8,27,27,33,27,27,14,25,23,27,-28,35,32,35,35,35,0,12,-7,0,-34,-31,-248,-237,-237,-246,-242,-275,-328,-208,-243,-241,-254,-253,-335,-326,-332,-340,-328,-320,-364,-382,-362,-363,-452,-318,-318,-315,-432,-396,-543,-545,-632,-633,-823,-808,-1151,-1130,-1916,-1995,-1943,-1847,-1808,-1765,-29976,-29977,-29989,-29990,-29990,-29984,-29993,-29984,-29982,-29982,-29981,-29982,-29988,-29989,-29989,-29984,-29989,-29987,-29989,-29990,-29990,-29990,-29989,-29990,-29990,-29991,-29991,-29991,-29991,-29992,-29992,-29993,-29994,-29994]} 1. b3 c6 2. Bb2 d5 3. e3 Nf6 4. Nf3 Nbd7 5. Be2 e6 6. d4 Be7 7. Nbd2 O-O 8. O-O a5 {A06: Réti Opening: 1 Nf3 d5.} 9. c4 {[#]} a4 $146 ({Predecessor:} 9... Re8 10. cxd5 exd5 11. Re1 Bd6 12. Bd3 Nf8 13. e4 dxe4 14. Nxe4 Nxe4 15. Rxe4 Rxe4 16. Bxe4 {½-½ (52) Przybylek,C (1590)-Lekal,E (1360) Val d'Isere 2002}) 10. bxa4 Qa5 {White has an edge.} 11. a3 Qxa4 12. Qxa4 Rxa4 13. h3 (13. Rfc1 $142) 13... Nb6 (13... dxc4 $11 14. Nxc4 (14. Bxc4 b6 $11) 14... b6) 14. c5 $14 Nbd7 15. Rfc1 Re8 16. Nb1 Bd8 17. Nc3 Ra7 18. Rd1 Bc7 19. Ne5 $2 {Now White is beyond hope.} (19. Bd3 $15) 19... Nxe5 $19 20. dxe5 Bxe5 21. f4 Bc7 22. Kf2 Ba5 {[#] Hoping for ...Bxc3.} 23. Bf3 Nd7 24. Ne2 Nxc5 25. Nd4 Bb6 26. Rac1 Na4 27. Ba1 f6 28. Rd2 e5 29. fxe5 fxe5 30. Nc2 e4 31. Be2 Rf8+ 32. Ke1 Be6 33. Rdd1 Ba5+ 34. Nb4 c5 35. Rxc5 Nxc5 36. Rc1 Nb3 37. Rb1 Bxb4+ 38. axb4 Rxa1 39. Rxa1 Nxa1 40. Kd1 Nb3 {Black mates.} 41. Kc2 d4 42. exd4 Nxd4+ 43. Kd1 Nxe2 44. Kxe2 {[#]} e3 $1 45. Kxe3 Bd5 46. b5 Bxg2 47. h4 Bh3 48. h5 Bd7 49. b6 Bc6 50. Kd4 Rf6 51. Ke5 Rh6 52. Kd4 Rxh5 53. Kc3 Rb5 54. Kd4 h5 55. Ke3 h4 56. Kf2 h3 {Accuracy: White = 39%, Black = 81%.} 0-1

[Event "400 Stay Safe Play From Home series"]
[Site "Emanuel Lasker Arena"]
[Date "2020.08.21"]
[Round "1"]
[White "Trotsky"]
[Black "Hickey"]
[Result "0-1"]
[WhiteElo "1602"]
[BlackElo "2233"]
[Annotator "TA"]
[PlyCount "38"]
[EventDate "2020.08.21"]
[EventType "swiss (blitz)"]

{[%evp 9,38,-7,-1,-11,-8,-3,-31,-106,-31,-280,-283,-275,-206,-306,-312,-614,-585,-606,-583,-619,-614,-616,-583,-609,-593,-588,-543,-1279,-715,-29991,-2153]} 1. d4 Nf6 2. e3 e6 3. c4 b6 4. Nc3 Bb7 5. Qc2 Bb4 6. f3 {A45: Trompowsky Attack.} O-O 7. Bd3 d5 {[#]} 8. h4 $146 (8. cxd5 $15 exd5 9. Nge2) ({Predecessor:} 8. Nge2 c5 9. O-O cxd4 10. Nxd4 dxc4 11. Bxc4 Qe7 12. Bd2 a6 13. a3 Bd6 14. Bd3 Nbd7 {0-1 (33) Schwager,T (1632)-Guenther,T (2044) Berlin 2016}) 8... c5 ({Black should play} 8... dxc4 $17 9. Bxc4 c5) 9. Nh3 $2 {[#]} ({Better is} 9. cxd5 $1 $15 exd5 10. a3) 9... cxd4 10. exd4 Nc6 {[%cal Bb8c6,Bc6e7,Be7d5,Bd5e3,Be3c2][%mdl 32]} 11. Be3 (11. Ng5 $142) 11... dxc4 $19 12. Ng5 $2 (12. Be4) 12... cxd3 13. Qxd3 Ne7 14. O-O-O Bxc3 15. bxc3 Rc8 16. Kb1 Qd7 17. Ka1 Ned5 18. Rb1 Nxe3 19. Qc2 Nxc2+ {White did not feel at home in the position after the opening. Accuracy: White = 31%, Black = 60%.} 0-1

[Event "400 Stay Safe Play From Home series"]
[Site "Emanuel Lasker Arena"]
[Date "2020.08.21"]
[Round "1"]
[White "Drakandras"]
[Black "Yuriko"]
[Result "1-0"]
[WhiteElo "1430"]
[BlackElo "1969"]
[Annotator "TA"]
[PlyCount "75"]
[EventDate "2020.08.21"]
[EventType "swiss (blitz)"]

{[%evp 11,75,16,17,-364,76,0,-4,-14,23,-9,1,-39,-21,-56,-53,-91,-6,-35,-37,-39,0,-12,-12,-9,0,-43,-13,-15,5,-28,242,232,233,239,289,264,278,274,274,278,389,289,2187,0,253,164,196,187,209,-480,-460,-500,-487,-473,-288,-269,-139,-420,-419,-662,504,441,896,875,914,635]} 1. e4 c5 2. Nf3 d6 3. d4 cxd4 4. Nxd4 Nf6 5. Nc3 a6 6. Be2 e5 7. Bd2 $2 {[%mdl 8192] [#] B92: Sicilian Najdorf: 6 Be2.} (7. Nb3 $11) 7... Be6 $2 (7... exd4 $19 8. Nd5 Nxe4) 8. Nb3 (8. Nxe6 $16 fxe6 9. Bg4) 8... Be7 $11 {[#]} 9. Be3 $146 {The position is equal.} ({Predecessor:} 9. O-O O-O 10. f4 Nc6 11. Be3 Bxb3 12. axb3 Nb4 13. Ra4 Nc6 14. g4 b5 15. Ra1 {1-0 (34) Glebova,A-Zima,F (1711) Marianske Lazne 2010}) 9... b5 10. a3 Qc7 11. f3 Nbd7 12. O-O Nb6 13. Qe1 Rd8 ({Better is} 13... d5 $17 {Threatens to win with ...d4.} 14. f4 d4 15. fxe5 dxe3 16. exf6 Bxf6) 14. Qf2 Nc4 15. Bxc4 Qxc4 16. Na5 Qc8 $1 17. Rfd1 $36 {[%mdl 2048] White has the initiative.} O-O 18. Rd2 Rd7 19. Rad1 Qc7 20. h3 Qxa5 $2 {[%mdl 8192]} (20... Rb8 $11 {and Black stays safe.} 21. Nb3 a5) 21. Bb6 $18 Qxc3 22. bxc3 Bc4 23. Bc5 {[%cal Rc5d6]} Rfd8 24. Bb4 Ne8 25. Qb6 Ra8 26. Qc6 Rc7 $2 (26... Rdd8 27. Bxd6 Bxd6) 27. Qb6 $2 ({White has to play} 27. Qxa8 $18 Kf8 28. Bxd6 Bxd6 29. Rxd6) 27... Rcc8 $2 {[%mdl 8192]} (27... Rd7 $1 $11) 28. Qe3 a5 29. Bxd6 Bxd6 30. Kh1 $4 {[%mdl 8192]} (30. Rxd6 $18 {is the narrow road to win.} Nxd6 31. Rxd6) 30... Bxa3 $19 31. Qg5 f6 32. Qf5 {White hopes to continue with Ra1.} Bf7 33. Rd7 Bb2 ({Less strong is} 33... Rxc3 34. Rb7 $17) (33... Bc5 $19 {...Bc4 is the strong threat.} 34. f4 exf4) 34. Rb7 $2 {[%mdl 8192]} (34. Ra7 $17 {is a better defense.}) 34... Rd8 35. Rdd7 {[#]} (35. Rxd8 $142 Rxd8 36. h4) 35... Rxd7 $4 {[%mdl 8192]} (35... Nd6 36. Rxd8+ Rxd8 37. Rd7 $17) (35... g6 $1 $19 {[%cal Rg6f5] and life is good for Black.} 36. Qg4 h5 37. Rxd8 Rxd8) 36. Qxd7 $18 {[%mdl 64] Double Attack. White is clearly winning.} Nd6 (36... Bc4 $142 37. Rxb5 Bxb5 38. Qxb5 Nc7 39. Qc4+ (39. Qxb2 a4 $18) 39... Kh8 40. Qxc7 Bc1) 37. Qxd6 {White wants to mate with Rb8+.} Rf8 38. Qd7 {Accuracy: White = 31%, Black = 30%.} 1-0

[Event "400 Stay Safe Play From Home series"]
[Site "Emanuel Lasker Arena"]
[Date "2020.08.21"]
[Round "2"]
[White "NTBT_DHS"]
[Black "Mepe_Nika"]
[Result "1-0"]
[WhiteElo "2530"]
[BlackElo "2316"]
[Annotator "TA"]
[PlyCount "35"]
[EventDate "2020.08.21"]
[EventType "swiss (blitz)"]

{[%evp 9,35,-54,-34,-97,-104,-121,-113,-140,-24,-242,-77,-262,-110,-95,-74,-72,-16,-20,-4,-50,-20,-36,13,22,115,100,29998,29999]} 1. e4 c6 2. c4 d5 3. cxd5 cxd5 4. Nc3 dxe4 5. Bb5+ Nc6 {[#]} 6. Qa4 $146 {B10: Caro-Kann: 2 d3 and 2 c4.} (6. Nxe4 $15 Nf6 7. Nc3) ({Predecessor:} 6. Bxc6+ bxc6 7. Nxe4 Bf5 8. Ng3 Bg6 9. Nf3 e6 10. O-O Be7 11. Ne5 Qc7 12. Re1 {0-1 (27) Giede,A (1445)-Wang,Y (1379) Guestrow 2012}) 6... Bd7 $17 7. Qxe4 Nf6 8. Qh4 {Black is better.} e5 (8... a6 $17 9. Ba4 g5 $1 {[%mdl 512]}) 9. d3 $2 (9. Nf3 $11 {and White has nothing to worry.}) 9... Be7 $2 (9... Nb4 $19 10. Bxd7+ Qxd7) 10. Qg3 $2 {[#]} (10. Nf3 $17) 10... O-O (10... Nb4 $1 $19 {and Black stays clearly on top.} 11. Bxd7+ Qxd7) 11. Nge2 Re8 12. O-O Bf8 ({Better is} 12... Rc8 $17) 13. Bg5 $11 a6 14. Ba4 b5 15. Bb3 h6 16. Bxh6 Nh5 (16... Na5 $11) 17. Qf3 gxh6 $4 {[%mdl 8192]} (17... Nf4 $16) 18. Qxf7+ {Accuracy: White = 46%, Black = 23%.} 1-0